| 000 | 00702cam a22001934a 4500 | ||
|---|---|---|---|
| 005 | 20250605164400.0 | ||
| 008 | 250528s ||||||||||||||||||||||||d | ||
| 035 | _a24561 | ||
| 040 |
_aGR-AtMCL _bgre _dGR-AtMCL _eAACR2 |
||
| 245 | 1 | _aThis is Am 2.0 / Desktop Metal Talks EnvisionTEC, Acquisitions and Additive's Next Level | |
| 260 |
_bBpa Worldwide, _c2021 |
||
| 300 | _a50 | ||
| 520 | _aAuto and Rail: The Latest Applications in the Transport Sectors, Sustainability: We Ask the Experts and How Green is AM?, Consumer Products: Footwear and Coffee and Collectables. | ||
| 700 | 1 |
_aDavies Samuel _99478 |
|
| 700 | 1 |
_aGriffiths Laura _99377 |
|
| 942 | _cCR | ||
| 999 |
_c9435 _d9435 |
||